Shakespeare or Hip-Hop? Quiz Stats

 Plays Quiz Updated Jan 31, 2019

Support Sporcle.
Go Orange.
Score 0/25 Timer 06:00
1 Play Today
Quote Hip-Hop (H) or Shakespeare (S)? % Correct
Froze up like a mannequin.???
72.7%
When I'm sick of this life I see, it has to be my family who lift me.???
70.9%
I didn't cry, because my anger wouldn't let me feel for a stranger.???
69.9%
Neither a borrower nor a lender be.???
69.6%
My beloved, let's get down to business: mental self-defensive fitness.???
69.3%
Done to death by slanderous tongue, was the hero that here lies.???
68.8%
May the Lord protect me as the world gets hectic.???
67.1%
The marriage of true minds admit impediments???
64.9%
A heart like yours; that pumps blood and oxygen and insecurities.???
64.5%
I wonder why we take from our women????
62.2%
Men at some time are masters of their fates.???
60.6%
This was the most unkindest cut of all.???
59.9%
From the other side, what you see: a bunch of nonsense.???
59.1%
Quote Hip-Hop (H) or Shakespeare (S)? % Correct
Everything you stand for turns on you to spite you????
59%
What's past is prologue.???
57.8%
What's here, the portrait of a blinking idiot????
57.6%
I never wished to be the burden bearer, but souls need saving.???
56.5%
I set it down that one may smile, and smile, and be a villain.???
56.1%
Then I hope this take away from my sins.???
53.5%
Desire too much of a good thing????
51.9%
When you do dance, I wish you a wave of the sea.???
50.8%
Look around this manor and all you will see is ill-mannered people???
49.9%
Count myself a king of infinite space.???
43.9%
My words fly up, my thoughts remain below.???
41.9%
A sword sliced the air.???
40.7%

From the Vault

Begins & Ends with the Same 2 Letters II

by Purple_Parrot

All beginnings have an end. But sometimes they're the same.
Remove Ads.
Support Sporcle.
Get the best of Sporcle when you Go Orange. This ad-free experience offers more features, more stats, and more fun while also helping to support Sporcle. Thank you for becoming a member.

Show Comments

Extras

Top Quizzes Today


Score Distribution

Your Account Isn't Verified!

In order to create a playlist on Sporcle, you need to verify the email address you used during registration. Go to your Sporcle Settings to finish the process.

Report this User

Report this user for behavior that violates our Community Guidelines.

Details: